00600nam a22001937a 450000500170000001000150001702000260003202000230005803500130008103700130009408200080010724501060011526000460022127000390026730000240030649000390033050000190036970000180038820150908150048.0 aENG-113512 c590.00a9789351480242 c590.00a9351480240 aEN-97044 bDBAD/PUB a280 aMarriage and family in the plan of god :cedited by L. Sahayarajbrefiections of Saint John Paul II / aNew DelhibChristian World Imprintsc2014 aH-12 Bali NagarbNew Delhie110015 axvi,192p.c23cm(Hb) aChristian heritage rediscovered-11 aIncludes index aSahayaraj, L.